20 Countries with the Highest Obesity Rate - Statistics

General Stats
  • This quiz has been taken 25 times
  • The average score is 9 of 20
Answer Stats
Hint Answer % Correct
42.9% United States
100%
75.6% American Samoa
67%
70.2% Nauru
67%
42.2% Palau
67%
61.2% Samoa
67%
46.2% Kiribati
63%
63.9% Tuvalu
63%
47.3% Marshall Islands
54%
70.5% Tonga
54%
43% Egypt
46%
45.4% Kuwait
42%
45.6% Micronesia
42%
43.8% Qatar
42%
46.6% Saint Kitts and Nevis
38%
47.6% Bahamas
29%
41.9% Belize
21%
48.4% French Polynesia
8%
66.5% Niue
4%
69.2% Tokelau
4%
68.4% Cook Islands
0%
No matching quizzes found
Score Distribution
Percent of People with Each Score
Percentile by Number Answered
Your Score History
You have not taken this quiz